000 00312nam a22001337a 4500
003 SGT
082 _a340,SIN
100 _aSINGH, GURU PRASANNA.
245 _aPRINCILES OF STATUTORY INTERPRETATION
260 _aNAGPUR
_bWADHWA AND COMPANY
_c1977
300 _a840
650 _a INTERPRETATION
942 _2ddc
_cBK
999 _c10327
_d10327